[Event "XXVI Open Eporediese"]
[Site "Ivrea ITA"]
[Date "2009.03.05"]
[Round "8"]
[White "Chiarotto, Filippo"]
[Black "Trotto, Pierangelo"]
[Result "1-0"]
[WhiteElo "2039"]
[BlackElo "1883"]
[PlyCount "67"]
[EventDate "2009.01.15"]

1. Nc3 c5 2. e4 d6 3. Nf3 Nf6 4. d4 cxd4 5. Nxd4 a6 6. Bg5 e6 7. g3 Be7 8. Bg2
Qc7 9. O-O Nc6 10. Re1 O-O 11. Qd2 Bd7 12. Rad1 Ne5 13. b3 Rac8 14. Nce2 b5 15.
f4 Nc6 16. Bxf6 gxf6 17. Nxc6 Bxc6 18. Nd4 Rfd8 19. Qe2 Kh8 20. Qh5 Be8 21. Kh1
Bf8 22. Bh3 Bg7 23. Qe2 Qc5 24. Bxe6 fxe6 25. Nxe6 Qc6 26. Nxd8 Rxd8 27. c4
bxc4 28. Qxc4 f5 29. Qe6 fxe4 30. Rc1 Qd7 31. Rxe4 d5 32. Qxd7 Bxd7 33. Re7 d4
34. Rc7 1-0

[Event "XXVI Open Eporediese"]
[Site "Ivrea ITA"]
[Date "2009.03.05"]
[Round "8"]
[White "Giunto, Andrea"]
[Black "Perrone, Davide"]
[Result "1-0"]
[WhiteElo "1731"]
[BlackElo "1617"]
[PlyCount "41"]
[EventDate "2009.01.15"]

1. e4 c5 2. Nf3 e6 3. d4 Qb6 4. c3 Nc6 5. Bc4 cxd4 6. cxd4 a6 7. O-O Nge7 8.
Nc3 g6 9. Bb3 Qc7 10. d5 Ne5 11. d6 Nxf3+ 12. gxf3 Qb8 13. dxe7 Bxe7 14. Qd4
Rg8 15. e5 b5 16. Rd1 h5 17. h3 g5 18. Ne2 Qc7 19. Ng3 Bc5 20. Qc3 h4 21. Ne4
1-0

[Event "XXVI Open Eporediese"]
[Site "Ivrea ITA"]
[Date "2009.03.05"]
[Round "8"]
[White "Giunto, Stefano"]
[Black "Bogatto, Mario"]
[Result "0-1"]
[WhiteElo "1422"]
[BlackElo "1470"]
[PlyCount "114"]
[EventDate "2009.01.15"]

1. e4 c5 2. Nf3 a6 3. Bc4 e6 4. O-O Nc6 5. Nc3 d6 6. d3 Be7 7. Be3 e5 8. Qd2
Nd4 9. Qd1 Bg4 10. b3 Nxf3+ 11. gxf3 Be6 12. Bd5 Rb8 13. f4 exf4 14. Bxf4 Nf6
15. Bxe6 fxe6 16. e5 Nd5 17. Nxd5 exd5 18. d4 O-O 19. exd6 Bxd6 20. Bxd6 Qxd6
21. Qd3 cxd4 22. Qxd4 Rf4 23. Qd3 Rbf8 24. c4 d4 25. Rae1 Qf6 26. Re2 Qg5+ 27.
Kh1 Qf6 28. Kg1 h5 29. Re4 Rxf2 30. Ree1 Qg5+ 31. Qg3 Qxg3+ 32. hxg3 Rxa2 33.
Rxf8+ Kxf8 34. Rd1 Ra3 35. Rd3 Kf7 36. Kf2 Ke6 37. Kf3 Kf5 38. c5 g5 39. Kg2
Ke4 40. Rf3 d3 41. Kf2 Rxb3 42. Re3+ Kd4 43. Re1 Rb2+ 44. Kf3 Kc3 45. Rc1+ Rc2
46. Rd1 d2 47. Ke2 a5 48. Ra1 Kb4 49. Rd1 Kxc5 50. Rxd2 Rxd2+ 51. Kxd2 Kd4 52.
Ke2 b5 53. Kd2 b4 54. Kc2 a4 55. Kb2 Ke4 56. Kc2 Kf3 57. Kd3 Kxg3 0-1

[Event "XXVI Open Eporediese"]
[Site "Ivrea ITA"]
[Date "2009.03.05"]
[Round "8"]
[White "Paonessa, Denis"]
[Black "Gennaro, Isabella"]
[Result "1-0"]
[WhiteElo "1933"]
[BlackElo "1419"]
[PlyCount "51"]
[EventDate "2009.01.15"]

1. d4 d5 2. c4 Nc6 3. Nc3 Nf6 4. Nf3 Bf5 5. Bf4 e6 6. e3 Nb4 7. Rc1 Be4 8. Be2
Bd6 9. Bxd6 Qxd6 10. a3 Nc6 11. O-O Ng4 12. c5 Qe7 13. Nxe4 dxe4 14. Nd2 Nf6
15. Qc2 O-O 16. Nxe4 e5 17. Nxf6+ Qxf6 18. d5 Ne7 19. e4 c6 20. d6 Ng6 21. b4
a6 22. a4 b6 23. Rfd1 b5 24. axb5 axb5 25. Bxb5 cxb5 26. c6 1-0

[Event "XXVI Open Eporediese"]
[Site "Ivrea ITA"]
[Date "2009.03.05"]
[Round "8"]
[White "Picco, Pietro"]
[Black "Papalini, Claudio"]
[Result "0-1"]
[WhiteElo "1293"]
[BlackElo "1604"]
[PlyCount "100"]
[EventDate "2009.01.15"]

1. e4 e6 2. d4 d5 3. Nc3 Bb4 4. Bd3 c5 5. Nf3 dxe4 6. Bxe4 cxd4 7. Qxd4 Qxd4 8.
Nxd4 Nf6 9. Bf3 O-O 10. O-O Bxc3 11. bxc3 Nbd7 12. Nb5 Ne8 13. Ba3 a6 14. Bxf8
Kxf8 15. Nd4 Nc5 16. a4 Nd6 17. Nb3 Nce4 18. Rfd1 Ke7 19. Rd3 Nf6 20. Rad1 Nfe8
21. Nc5 Rb8 22. Ne4 Nxe4 23. Bxe4 Nf6 24. Bf3 Bd7 25. Rd4 h6 26. g3 Bc6 27.
Bxc6 bxc6 28. Rb4 Rxb4 29. cxb4 Nd5 30. b5 cxb5 31. axb5 axb5 32. Ra1 Kf6 33.
Kf1 Ke5 34. Ke2 Kd4 35. Kd2 Nc3 36. Ra3 Nb1+ 37. Kc1 Nxa3 38. Kb2 Nc4+ 39. Kb3
e5 40. Kb4 f5 41. Kxb5 g5 42. Kb4 f4 43. c3+ Kd3 44. gxf4 gxf4 45. f3 Nd2 46.
h4 e4 47. fxe4 Nxe4 48. c4 f3 49. c5 Nxc5 50. Kxc5 f2 0-1

[Event "XXVI Open Eporediese"]
[Site "Ivrea ITA"]
[Date "2009.03.05"]
[Round "8"]
[White "Ranieri, Fabrizio"]
[Black "Guglielmi, Nicolo'"]
[Result "1-0"]
[WhiteElo "2243"]
[BlackElo "1950"]
[PlyCount "75"]
[EventDate "2009.01.15"]

1. e4 c5 2. Nf3 d6 3. d4 cxd4 4. Nxd4 Nf6 5. Nc3 e6 6. Be2 Be7 7. O-O O-O 8. f4
Nc6 9. Kh1 a6 10. a4 Qc7 11. f5 Re8 12. fxe6 fxe6 13. Bc4 Nxd4 14. Qxd4 Kh8 15.
Bg5 Qc5 16. Qxc5 dxc5 17. e5 Ng8 18. Bxe7 Nxe7 19. Ne4 Nf5 20. Rae1 b6 21. g4
Nd4 22. Nd6 Bd7 23. Nxe8 Bc6+ 24. Kg1 Rxe8 25. Rd1 Bxa4 26. b3 Bb5 27. Bxb5
axb5 28. Rf2 Kg8 29. c3 Nxb3 30. Rd6 Rb8 31. Rxe6 b4 32. cxb4 c4 33. Re7 Rc8
34. Rff7 c3 35. Rxg7+ Kh8 36. Rxh7+ Kg8 37. Reg7+ Kf8 38. e6 1-0

[Event "XXVI Open Eporediese"]
[Site "Ivrea ITA"]
[Date "2009.03.05"]
[Round "8"]
[White "Rocchi, Enrico"]
[Black "Razzano, Lorenzo"]
[Result "0-1"]
[WhiteElo "1733"]
[BlackElo "1969"]
[PlyCount "50"]
[EventDate "2009.01.15"]

1. e4 e5 2. Nf3 Nc6 3. d4 exd4 4. Bc4 Nf6 5. O-O Bc5 6. e5 d5 7. exf6 dxc4 8.
Re1+ Be6 9. Ng5 Qd5 10. Nc3 Qf5 11. Nce4 O-O-O 12. g4 Qe5 13. Nxe6 fxe6 14.
fxg7 Rhg8 15. Bh6 Bb6 16. Ng5 Qd5 17. Rxe6 d3 18. cxd3 cxd3 19. Qf3 Qd4 20. Re4
Qxb2 21. Rd1 Qxa2 22. Qf5+ Kb8 23. Ne6 Rde8 24. Bf4 Qxf2+ 25. Kh1 Qf3# 0-1

[Event "XXVI Open Eporediese"]
[Site "Ivrea ITA"]
[Date "2009.03.05"]
[Round "8"]
[White "Romano, Antonino"]
[Black "Bosticardo, Tommaso"]
[Result "1-0"]
[WhiteElo "1713"]
[BlackElo "1464"]
[PlyCount "83"]
[EventDate "2009.01.15"]

1. d4 Nf6 2. c4 g6 3. Nc3 Bg7 4. e4 d6 5. Nf3 O-O 6. Be2 e5 7. dxe5 dxe5 8.
Qxd8 Rxd8 9. Bg5 Nc6 10. Nd5 Rd6 11. Nxc7 Rb8 12. Nb5 Rd7 13. Nc3 h6 14. Be3
Ng4 15. Bc5 b6 16. Ba3 Nf6 17. O-O Bb7 18. Rfd1 Rbd8 19. Rxd7 Rxd7 20. b4 Nh7
21. Nd5 Nd4 22. Bd1 f5 23. Nxd4 exd4 24. f3 fxe4 25. fxe4 Rf7 26. Bf3 h5 27.
Rd1 Ng5 28. Rd3 Nxf3+ 29. Rxf3 Rxf3 30. gxf3 Bxd5 31. cxd5 Kf7 32. Kf1 Be5 33.
h3 Kf6 34. Bb2 Ke7 35. Ke1 Kd6 36. Kd2 a5 37. a3 axb4 38. axb4 Bf4+ 39. Kd3 Bh6
40. Bxd4 b5 41. Be3 Bf8 42. Bc5+ 1-0

[Event "XXVI Open Eporediese"]
[Site "Ivrea ITA"]
[Date "2009.03.05"]
[Round "8"]
[White "Saviano, Sabato"]
[Black "Listello, Massimiliano"]
[Result "1-0"]
[WhiteElo "1696"]
[BlackElo "1482"]
[PlyCount "117"]
[EventDate "2009.01.15"]

1. d4 f5 2. e3 Nf6 3. Bd3 e6 4. Nc3 Be7 5. Nge2 O-O 6. O-O d6 7. e4 fxe4 8.
Nxe4 c6 9. f4 d5 10. Nxf6+ Bxf6 11. Kh1 b6 12. c3 Nd7 13. Ng3 g6 14. Qg4 Qe8
15. f5 Bg7 16. fxg6 Rxf1+ 17. Nxf1 Nf6 18. gxh7+ Kh8 19. Qe2 Qf7 20. Ng3 Nxh7
21. Bxh7 Kxh7 22. Be3 Bd7 23. Rf1 Qg6 24. Nh5 Rg8 25. Nf4 Qe4 26. Rf3 e5 27.
Nh3 Bh6 28. Rf7+ Rg7 29. Rxg7+ Kxg7 30. Bxh6+ Kxh6 31. Qd2+ Kg7 32. Qg5+ Kf7
33. Qxe5 Qb1+ 34. Ng1 Qxb2 35. Qf4+ Ke7 36. Qe3+ Be6 37. h4 Qb1 38. h5 Qf5 39.
h6 Qh5+ 40. Nh3 Qd1+ 41. Kh2 Qh5 42. Qg5+ Qxg5 43. Nxg5 Bf5 44. h7 Bxh7 45.
Nxh7 c5 46. Kg3 Ke6 47. Kf4 a5 48. Ng5+ Kf6 49. Nf3 c4 50. a4 Ke6 51. g4 b5 52.
axb5 a4 53. Ne1 a3 54. Nc2 a2 55. g5 Kf7 56. b6 Ke7 57. b7 Kd7 58. b8=Q Kc6 59.
Ke5 1-0

[Event "XXVI Open Eporediese"]
[Site "Ivrea ITA"]
[Date "2009.03.12"]
[Round "9"]
[White "Bosticardo, Tommaso"]
[Black "Bogatto, Mario"]
[Result "1/2-1/2"]
[WhiteElo "1464"]
[BlackElo "1470"]
[PlyCount "46"]
[EventDate "2009.01.15"]

1. e4 c5 2. Nc3 a6 3. g3 Nc6 4. Bg2 d6 5. Nge2 Nf6 6. d3 Bd7 7. O-O Qc8 8. f4
Bh3 9. f5 Bxg2 10. Kxg2 e6 11. Na4 Rb8 12. Be3 b5 13. Nac3 e5 14. a3 a5 15. Qd2
Qd7 16. Kg1 Be7 17. Bg5 Ng8 18. Be3 h6 19. Nd5 Bd8 20. Rf2 Nf6 21. Nxf6+ Bxf6
22. Nc3 Qd8 23. Nd5 a4 1/2-1/2

[Event "XXVI Open Eporediese"]
[Site "Ivrea ITA"]
[Date "2009.03.12"]
[Round "9"]
[White "Bruno, Fabrizio P."]
[Black "Ranieri, Fabrizio"]
[Result "1/2-1/2"]
[WhiteElo "1948"]
[BlackElo "2243"]
[PlyCount "37"]
[EventDate "2009.01.15"]

1. e4 e6 2. d4 d5 3. Nc3 Nf6 4. Bg5 Bb4 5. e5 h6 6. Bd2 Bxc3 7. bxc3 Ne4 8. Bd3
Nxd2 9. Qxd2 c5 10. f4 Qa5 11. Nf3 Nc6 12. Be2 b6 13. O-O Ba6 14. Bxa6 Qxa6 15.
Qe3 Qa3 16. f5 exf5 17. e6 O-O 18. exf7+ Kxf7 19. Nh4 1/2-1/2

[Event "XXVI Open Eporediese"]
[Site "Ivrea ITA"]
[Date "2009.03.12"]
[Round "9"]
[White "Castaldo, Antonio"]
[Black "Agostino, Pietro"]
[Result "1-0"]
[WhiteElo "1753"]
[BlackElo "1413"]
[PlyCount "73"]
[EventDate "2009.01.15"]

1. Nf3 d5 2. g3 Nc6 3. Bg2 e5 4. d3 Nf6 5. O-O h6 6. Nbd2 Be7 7. e4 d4 8. Nc4
Bg4 9. a4 a6 10. b3 b6 11. Ba3 O-O 12. Qd2 a5 13. Ncxe5 Nxe5 14. Nxe5 Bd7 15.
h3 Re8 16. Nxd7 Qxd7 17. e5 Nd5 18. Bxd5 Qxd5 19. f4 Bxa3 20. Rxa3 Re7 21. Qg2
Qd8 22. Raa1 Rc8 23. Qc6 Qe8 24. Qc4 c5 25. Rae1 Kh7 26. Rf2 Rc6 27. Rfe2 Qd7
28. Qb5 Rc7 29. Qxd7 Rcxd7 30. e6 Rd6 31. f5 fxe6 32. Rxe6 Red7 33. Rxd6 Rxd6
34. Re6 Rd5 35. g4 Rd8 36. Rxb6 Re8 37. Re6 1-0

[Event "XXVI Open Eporediese"]
[Site "Ivrea ITA"]
[Date "2009.03.12"]
[Round "9"]
[White "Catalfamo, Santo"]
[Black "Castaldo, Folco"]
[Result "0-1"]
[WhiteElo "1792"]
[BlackElo "2419"]
[PlyCount "74"]
[EventDate "2009.01.15"]

1. b3 e5 2. Bb2 Nc6 3. e4 Bc5 4. Nf3 d6 5. Be2 Nf6 6. d3 g5 7. h3 g4 8. hxg4
Nxg4 9. d4 Bb6 10. c3 Qf6 11. Rf1 Bd7 12. Nbd2 exd4 13. Nxd4 Nxd4 14. cxd4 Bxd4
15. Bxd4 Qxd4 16. Bxg4 Bxg4 17. f3 Bd7 18. Nc4 Qg7 19. Ne3 O-O-O 20. Rc1 Kb8
21. Qd2 h5 22. Nd5 c6 23. Ne3 Be6 24. Qc3 Qg3+ 25. Rf2 h4 26. Qf6 h3 27. gxh3
d5 28. Rd1 Rde8 29. Nf1 Qd6 30. Rdd2 Rxh3 31. e5 Qb4 32. Kd1 Qc3 33. Qf4 Rh1
34. Ke2 Rh5 35. Qd4 Rxe5+ 36. Ne3 Qxd4 37. Rxd4 37... Bf5 $138 0-1

[Event "XXVI Open Eporediese"]
[Site "Ivrea ITA"]
[Date "2009.03.12"]
[Round "9"]
[White "Gennaro, Isabella"]
[Black "Listello, Massimiliano"]
[Result "1-0"]
[WhiteElo "1419"]
[BlackElo "1482"]
[PlyCount "51"]
[EventDate "2009.01.15"]

1. d4 f5 2. Nc3 Nf6 3. e4 fxe4 4. Nxe4 e6 5. Bd3 g6 6. Bg5 Bg7 7. Qf3 O-O 8.
Ne2 d6 9. Nf4 e5 10. Nd5 Nbd7 11. O-O c6 12. Ndxf6+ Nxf6 13. dxe5 dxe5 14. Rad1
Qe7 15. Rfe1 h6 16. Bxf6 Bxf6 17. Nxf6+ Rxf6 18. Qe3 Qf8 19. Qxe5 Rxf2 20. Bc4+
Kh7 21. Qc7+ Rf7 22. Qxf7+ Qxf7 23. Bxf7 Bf5 24. Re7 Rb8 25. g4 Bc8 26. Be6+
1-0

[Event "XXVI Open Eporediese"]
[Site "Ivrea ITA"]
[Date "2009.03.12"]
[Round "9"]
[White "Guglielmi, Nicolo'"]
[Black "Chiarotto, Filippo"]
[Result "0-1"]
[WhiteElo "1950"]
[BlackElo "2039"]
[PlyCount "72"]
[EventDate "2009.01.15"]

1. d4 Nf6 2. Nf3 e6 3. Bg5 h6 4. Bh4 b6 5. e3 Bb7 6. Bd3 Be7 7. O-O O-O 8. Nbd2
d5 9. Qe2 Ne4 10. Bxe7 Qxe7 11. Rad1 Nd7 12. c3 a5 13. Ne1 e5 14. c4 Nxd2 15.
Qxd2 e4 16. Be2 f5 17. cxd5 Bxd5 18. b3 g5 19. Rc1 Nf6 20. Qc3 Rf7 21. g3 f4
22. Bc4 Raf8 23. exf4 gxf4 24. Ng2 e3 25. Nxf4 Bxc4 26. Qxc4 exf2+ 27. Rxf2 Qe3
28. Rcf1 Ne4 29. Ng2 Qxf2+ 30. Rxf2 Nxf2 31. Nf4 Ne4 32. Ng6 Nd2 33. Qe6 Nf3+
34. Kh1 Ng5 35. Qc4 b5 36. Qxb5 Rf1+ 0-1

[Event "XXVI Open Eporediese"]
[Site "Ivrea ITA"]
[Date "2009.03.12"]
[Round "9"]
[White "Papalini, Claudio"]
[Black "Bellafiore, Enzo"]
[Result "0-1"]
[WhiteElo "1604"]
[BlackElo "1867"]
[PlyCount "86"]
[EventDate "2009.01.15"]

1. b3 e5 2. Bb2 Nc6 3. c4 Bc5 4. e3 Nf6 5. Nc3 O-O 6. g3 d6 7. Bg2 Bd7 8. Nge2
a6 9. O-O Re8 10. a3 Rb8 11. Ne4 Ba7 12. Nxf6+ Qxf6 13. Kh1 Qh6 14. d4 Bg4 15.
d5 Ne7 16. Qd2 Ng6 17. Bc1 e4 18. Re1 Bf3 19. Ng1 Ne5 20. Bb2 Ng4 21. h3 Ne5
22. Bxe5 Rxe5 23. Kh2 Rh5 24. Bxf3 exf3 25. Qd1 Rf5 26. Nxf3 Re8 27. Qe2 Qf6
28. Kg2 Qc3 29. Qd1 Qb2 30. a4 Rxe3 31. Rxe3 Bxe3 32. Kh1 Qxf2 33. Nh4 Qxg3 34.
Qg4 Qxg4 35. hxg4 Rg5 36. Re1 Re5 37. Nf5 Bg5 38. Rf1 g6 39. Nd4 Re4 40. Nf3
Rxg4 41. Re1 Kf8 42. Kh2 Bf4+ 43. Kh3 Rg3+ 0-1

[Event "XXVI Open Eporediese"]
[Site "Ivrea ITA"]
[Date "2009.03.12"]
[Round "9"]
[White "Perrone, Davide"]
[Black "Rocchi, Enrico"]
[Result "0-1"]
[WhiteElo "1617"]
[BlackElo "1733"]
[PlyCount "78"]
[EventDate "2009.01.15"]

1. e4 e5 2. Nf3 Nc6 3. Bb5 Nf6 4. O-O Bc5 5. d3 d6 6. Bxc6+ bxc6 7. Bg5 Bg4 8.
Nbd2 h6 9. Bh4 g5 10. Bg3 Nh5 11. Kh1 Nxg3+ 12. fxg3 h5 13. h3 h4 14. Qe1 Qe7
15. c3 O-O-O 16. b4 Bb6 17. Nc4 Bxf3 18. Nxb6+ cxb6 19. gxf3 hxg3 20. Qxg3 Rh4
21. Kg2 Rdh8 22. Rh1 Qf6 23. Rac1 Qf4 24. Qxf4 gxf4 25. Rcg1 Kd7 26. Rh2 Ke6
27. c4 f5 28. Rc1 fxe4 29. dxe4 Rg8+ 30. Kf2 Rg3 31. Rg1 Rxg1 32. Kxg1 d5 33.
c5 d4 34. Kg2 bxc5 35. bxc5 Rh7 36. h4 Kf6 37. Kh3 Rg7 38. Rf2 Rg3+ 39. Kh2 Kg6
0-1

[Event "XXVI Open Eporediese"]
[Site "Ivrea ITA"]
[Date "2009.03.12"]
[Round "9"]
[White "Saccona, Silvano"]
[Black "Razzano, Lorenzo"]
[Result "1-0"]
[WhiteElo "2198"]
[BlackElo "1969"]
[PlyCount "136"]
[EventDate "2009.01.15"]

1. d4 Nf6 2. Nf3 g6 3. Bf4 Bg7 4. e3 O-O 5. c3 d5 6. h3 c6 7. Nbd2 Qb6 8. Qb3
h6 9. Bd3 Be6 10. O-O Nbd7 11. a4 Qxb3 12. Nxb3 a5 13. Rfc1 Rfc8 14. Nbd2 c5
15. Bb5 Bf5 16. g4 Be6 17. Bf1 Kh7 18. Bg2 Ne4 19. Rd1 f5 20. g5 c4 21. h4 h5
22. Bh3 Ra6 23. Ne5 Nxe5 24. dxe5 Rb6 25. Ra2 Nc5 26. Bf1 Bd7 27. Rda1 e6 28.
Nf3 Kg8 29. Nd4 Kf7 30. Bg3 Bf8 31. f3 Be7 32. Be2 Nb3 33. Rf1 Nc5 34. Rfa1 Nb3
35. Rb1 Nc5 36. Bd1 Nb3 37. Bc2 Kg7 38. Be1 Bc5 39. Rd1 Nxd4 40. cxd4 Bb4 41.
Bc3 Bc6 42. Kf2 Rc7 43. Ke2 Ra6 44. Rf1 Ra7 45. Rfa1 Rc8 46. Kd2 Rca8 47. b3
Bxc3+ 48. Kxc3 b5 49. axb5 cxb3 50. Bxb3 Bxb5 51. Kd2 Kf7 52. Rc2 Ke7 53. Rac1
a4 54. Ba2 Kd7 55. Rb1 Rb8 56. Rcb2 Rab7 57. Rb4 Kc6 58. R1b2 Rb6 59. Rc2+ Kb7
60. e4 fxe4 61. fxe4 Rf8 62. exd5 Rf2+ 63. Kc1 Rxc2+ 64. Kxc2 exd5 65. Bxd5+
Kc7 66. Kc3 Rb8 67. Bc4 Bxc4 68. Rxc4+ 68... Kd7 $139 1-0

[Event "XXVI Open Eporediese"]
[Site "Ivrea ITA"]
[Date "2009.03.12"]
[Round "9"]
[White "Saccuman, Andrea"]
[Black "Picco, Pietro"]
[Result "0-1"]
[WhiteElo "1422"]
[BlackElo "1293"]
[PlyCount "96"]
[EventDate "2009.01.15"]

1. e4 Nf6 2. Nc3 g6 3. d4 Bg7 4. Nf3 e6 5. Bb5 Nc6 6. Bg5 O-O 7. O-O a6 8. Bd3
Re8 9. Qd2 Ne7 10. e5 Nfd5 11. Nxd5 exd5 12. c4 c6 13. Rfe1 Qc7 14. Bh6 dxc4
15. Bxc4 Nf5 16. Bxg7 Kxg7 17. Bd3 d5 18. exd6 Qxd6 19. Rxe8 Qd7 20. Rae1 Nxd4
21. Nxd4 Qxd4 22. Qc2 Qf6 23. R1e7 Bd7 24. Rxa8 Qxe7 25. Qc3+ f6 26. Ra7 Bc8
27. h3 Qc7 28. Bc4 Qb8 29. Qe3 Qd6 30. a4 c5 31. Ra8 Qd1+ 32. Kh2 Qd6+ 33. g3
Qd7 34. Qxc5 Qxh3+ 35. Kg1 b6 36. Qc7+ Kh6 37. Rxc8 Qf5 38. Qxb6 Qxc8 39. Bxa6
Qc1+ 40. Kg2 Qc2 41. Qe3+ g5 42. b3 Qc6+ 43. f3 Qxa6 44. f4 Qc6+ 45. Kh3 Qh1+
46. Kg4 Qh5+ 47. Kf5 Qg6+ 48. Ke6 Qe8+ 0-1

[Event "XXVI Open Eporediese"]
[Site "Ivrea ITA"]
[Date "2009.03.12"]
[Round "9"]
[White "Saviano, Sabato"]
[Black "Caresana, Alessandro"]
[Result "0-1"]
[WhiteElo "1696"]
[BlackElo "2010"]
[PlyCount "70"]
[EventDate "2009.01.15"]

1. d4 Nf6 2. c4 e5 3. d5 Bc5 4. h3 Bxf2+ 5. Kxf2 Ne4+ 6. Ke3 f5 7. Nf3 Qf6 8.
Nc3 Qb6+ 9. c5 Qxc5+ 10. Nd4 Nxc3 11. bxc3 Qxc3+ 12. Kf2 Qxa1 13. Nc2 Qxa2 14.
e3 O-O 15. Kg1 d6 16. Be2 Qa4 17. h4 f4 18. exf4 Bf5 19. Bd3 Bxd3 20. Qxd3 Nd7
21. f5 Nc5 22. Qe2 Ne4 23. Rh3 Nf6 24. h5 Qe4 25. Ne3 Nxd5 26. h6 Nxe3 27. Rxe3
Qd4 28. Qh5 Rf7 29. hxg7 Qf4 30. Qd1 Qxf5 31. Rf3 Qe6 32. Rh3 Rxg7 33. Kh1 Rf8
34. Bh6 Qf7 35. Rf3 Qh5+ 0-1

[Event "XXVI Open Eporediese"]
[Site "Ivrea ITA"]
[Date "2009.03.12"]
[Round "9"]
[White "Trotto, Pierangelo"]
[Black "Paonessa, Denis"]
[Result "1-0"]
[WhiteElo "1883"]
[BlackElo "1933"]
[PlyCount "51"]
[EventDate "2009.01.15"]

1. e4 g6 2. d4 Bg7 3. Bc4 c6 4. Bb3 d5 5. e5 c5 6. c3 cxd4 7. cxd4 Nc6 8. Be3
Bf5 9. Nc3 Nb4 10. g4 Be6 11. a3 Nc6 12. Qf3 Bxe5 13. dxe5 Nxe5 14. Ba4+ Kf8
15. Qd1 Nxg4 16. Bd4 f6 17. Nge2 N8h6 18. Nf4 Bf7 19. h3 Ne5 20. Bxe5 fxe5 21.
Nfxd5 Nf5 22. Qf3 a6 23. O-O-O Nd4 24. Qe4 Qd6 25. Rhe1 Rc8 26. Qxe5 1-0

[Event "VI Festival Marche Estate A"]
[Site "Senigallia ITA"]
[Date "2009.07.20"]
[Round "1"]
[White "Guidi, Marco"]
[Black "Rago, Riccardo"]
[Result "0-1"]
[WhiteElo "1861"]
[BlackElo "2088"]
[PlyCount "80"]
[EventDate "2009.07.20"]

1. a3 e6 2. e4 d5 3. exd5 exd5 4. d4 Nf6 5. Bd3 Be7 6. h3 O-O 7. Qf3 Re8 8. Ne2
Ne4 9. O-O f5 10. c4 c6 11. Nbc3 Be6 12. b3 Nxc3 13. Nxc3 dxc4 14. bxc4 Qxd4
15. Bb2 Bxc4 16. Rfd1 Bxd3 17. Rxd3 Qb6 18. Rb1 Qa5 19. Re1 Na6 20. Rde3 Qd8
21. Qxf5 Nc7 22. Rd3 Qc8 23. Rd7 Bf6 24. Red1 Re7 25. Rd8+ Qxd8 26. Rxd8+ Rxd8
27. Na4 Bxb2 28. Nxb2 Nd5 29. Nc4 Rf8 30. Qg4 Re1+ 31. Kh2 Rxf2 32. Qc8+ Rf8
33. Qxb7 Re2 34. Nd6 Ne3 35. Qb3+ Nd5 36. Qb7 h6 37. Qb3 Rff2 38. Qb8+ Kh7 39.
Qxa7 Rxg2+ 40. Kh1 Ne3 0-1

[Event "VI Festival Marche Estate A"]
[Site "Senigallia ITA"]
[Date "2009.07.20"]
[Round "1"]
[White "Raineri, Valerio"]
[Black "Pizzi, Mario"]
[Result "1-0"]
[WhiteElo "2102"]
[BlackElo "1864"]
[PlyCount "89"]
[EventDate "2009.07.20"]

1. e4 e5 2. Nf3 d6 3. d4 exd4 4. Qxd4 c5 5. Bb5+ Bd7 6. Bxd7+ Nxd7 7. Qa4 a6 8.
c4 Be7 9. Nc3 Ngf6 10. Bf4 O-O 11. Rd1 b5 12. cxb5 axb5 13. Qxb5 Rb8 14. Qe2
Qb6 15. Rd2 Rfe8 16. O-O Nf8 17. e5 dxe5 18. Bxe5 Bd8 19. Qd3 Bc7 20. Bxf6 Qxf6
21. Nd5 Qd6 22. Nxc7 Qxc7 23. Rc2 Ne6 24. Rfc1 Qa5 25. b3 Nd4 26. Nxd4 cxd4 27.
Qd2 Qe5 28. Rc4 Ra8 29. a4 Rad8 30. h3 d3 31. R4c3 Qa5 32. R3c2 Qd5 33. Rb2 Re2
34. Qc3 d2 35. Rd1 Re1+ 36. Rxe1 dxe1=Q+ 37. Qxe1 Qd4 38. Re2 Kf8 39. Re4 Qd5
40. Qb4+ Kg8 41. Qc4 Qd1+ 42. Kh2 h6 43. Rf4 Qd6 44. Qxf7+ Kh8 45. g3 1-0

[Event "VI Festival Marche Estate A"]
[Site "Senigallia ITA"]
[Date "2009.07.21"]
[Round "2"]
[White "Guarini, Stefano"]
[Black "Guidi, Marco"]
[Result "0-1"]
[WhiteElo "1742"]
[BlackElo "1861"]
[PlyCount "50"]
[EventDate "2009.07.20"]

1. Nf3 b5 2. e3 b4 3. Be2 Bb7 4. b3 Nf6 5. Bb2 e6 6. c4 c5 7. O-O a5 8. d4 Na6
9. Nbd2 Be7 10. Qc2 O-O 11. Rad1 Re8 12. Rfe1 Rc8 13. Bd3 g6 14. e4 cxd4 15.
Nxd4 e5 16. Nb5 d6 17. Qb1 Qb6 18. Re2 Bc6 19. a4 bxa3 20. Nxa3 a4 21. bxa4
Bxa4 22. Rc1 Rb8 23. Nf1 Nc5 24. Rc3 Bc6 25. Nd2 Qxb2 0-1

[Event "VI Festival Marche Estate A"]
[Site "Senigallia ITA"]
[Date "2009.07.21"]
[Round "2"]
[White "Pizzi, Mario"]
[Black "Simongini, Giacomo"]
[Result "1-0"]
[WhiteElo "1864"]
[BlackElo "1566"]
[PlyCount "115"]
[EventDate "2009.07.20"]

1. d4 e6 2. Bf4 Nf6 3. e3 b6 4. Nd2 Bb7 5. Ngf3 d5 6. Bd3 Nbd7 7. Ne5 c5 8. c3
Nxe5 9. dxe5 Nd7 10. Qg4 g6 11. Nf3 Bg7 12. h4 c4 13. Bc2 Qc7 14. Qg5 h6 15.
Qg3 b5 16. Bxg6 fxg6 17. Qxg6+ Kf8 18. Qxe6 Nc5 19. Qh3 Re8 20. Qg3 Nd3+ 21.
Ke2 Nxb2 22. h5 Nd3 23. Nh4 Nxf4+ 24. exf4 Rg8 25. Ng6+ Kf7 26. Rhe1 Bc8 27.
Kf1 Bf5 28. Qf3 Bd3+ 29. Kg1 Be4 30. Rxe4 dxe4 31. Qxe4 Qd7 32. Kh2 Bf8 33. f5
Rxg6 34. hxg6+ Kg8 35. f4 Qd3 36. Qb7 Re7 37. Qc8 Qxc3 38. f6 Rxe5 39. fxe5
Qxe5+ 40. g3 Qxf6 41. Qe8 Qf2+ 42. Kh3 Qf5+ 43. Kh2 c3 44. Re1 Qf2+ 45. Kh3
Qxa2 46. Re6 Qf2 47. Re2 Qf5+ 48. Kg2 Qd5+ 49. Kh2 Qf5 50. Kg2 Kg7 51. Rf2 Qd5+
52. Kh2 Bd6 53. Rf7+ Kxg6 54. Qg8+ Kh5 55. Qh7 Qa2+ 56. Kh3 Be7 57. Rf5+ Bg5
58. g4# 1-0

[Event "VI Festival Marche Estate A"]
[Site "Senigallia ITA"]
[Date "2009.07.22"]
[Round "3"]
[White "Badano, Giancarlo"]
[Black "Pizzi, Mario"]
[Result "1-0"]
[WhiteElo "1957"]
[BlackElo "1864"]
[PlyCount "51"]
[EventDate "2009.07.20"]

1. e4 e5 2. Nf3 d6 3. d4 exd4 4. Nxd4 Be7 5. Bd3 Nf6 6. O-O O-O 7. b3 Bg4 8. f3
Bh5 9. Nf5 Nbd7 10. Bb2 Re8 11. Nd2 Bf8 12. Qe1 Bg6 13. g4 Bxf5 14. gxf5 c6 15.
Qg3 Nh5 16. Qg4 Ndf6 17. Qg5 g6 18. fxg6 hxg6 19. Kh1 Nh7 20. Qg4 Qc8 21. Qxh5
gxh5 22. Rg1+ Bg7 23. Rxg7+ Kf8 24. Rxh7 Qe6 25. e5 d5 26. Ba3+ 1-0

[Event "VI Festival Marche Estate A"]
[Site "Senigallia ITA"]
[Date "2009.07.22"]
[Round "3"]
[White "Brunello, Marina"]
[Black "Bove, Alessandro"]
[Result "0-1"]
[WhiteElo "2159"]
[BlackElo "2305"]
[PlyCount "82"]
[EventDate "2009.07.20"]

1. e4 c5 2. c3 Nf6 3. e5 Nd5 4. d4 cxd4 5. Nf3 Nc6 6. cxd4 d6 7. Bc4 Nb6 8. Bb5
dxe5 9. Nxe5 Bd7 10. Nxc6 bxc6 11. Bd3 g6 12. O-O Bg7 13. Be3 Be6 14. Be4 Rc8
15. Nc3 O-O 16. Bf3 Nc4 17. Na4 Bd5 18. b3 Nxe3 19. fxe3 e5 20. e4 Be6 21. dxe5
Bxe5 22. Rc1 Qh4 23. g3 Qg5 24. Qe2 h5 25. Kh1 Rcd8 26. Rfd1 h4 27. gxh4 Qxh4
28. Nc5 Bc8 29. Qg2 Qf4 30. Rc2 Rxd1+ 31. Bxd1 Rd8 32. Be2 Rd2 33. Rxd2 Qxd2
34. Bf1 Qe3 35. Nd3 Bd4 36. Qg3 Qxe4+ 37. Bg2 Qf5 38. Qc7 Kg7 39. h4 Qxd3 40.
Qxc8 Qd1+ 41. Kh2 Be5+ 0-1

[Event "VI Festival Marche Estate A"]
[Site "Senigallia ITA"]
[Date "2009.07.22"]
[Round "3"]
[White "Ermenkov, Evgenij P."]
[Black "Rago, Riccardo"]
[Result "1-0"]
[WhiteElo "2440"]
[BlackElo "2088"]
[PlyCount "57"]
[EventDate "2009.07.20"]

1. c4 Nf6 2. Nc3 d6 3. d4 g6 4. e4 Bg7 5. Bg5 h6 6. Bh4 O-O 7. f4 c6 8. Nf3 Qc7
9. Bd3 Nh5 10. Qd2 Bg4 11. Be2 e5 12. fxe5 dxe5 13. d5 Nf4 14. O-O g5 15. Bf2
Nd7 16. Rfd1 Rfd8 17. a3 Nf8 18. Qe3 N8g6 19. Bf1 Qc8 20. Rd2 cxd5 21. cxd5 f5
22. h3 Bxf3 23. Qxf3 g4 24. Qd1 gxh3 25. g3 Ng2 26. Qh5 N6f4 27. gxf4 fxe4 28.
Bxg2 hxg2 29. fxe5 1-0